| 000 | 00432nam a2200169 i 4500 | ||
|---|---|---|---|
| 001 | 33054 | ||
| 003 | ES-MaACL | ||
| 005 | 20230906154704.0 | ||
| 007 | t| | ||
| 008 | 030201s1925 fr ||||1| fre d | ||
| 100 | 1 |
_aBérard, Léon. _927824 |
|
| 245 | 1 | 0 |
_aAu service de la pensée francaise / _cLeon Berard. |
| 250 | _a6ème ed. | ||
| 260 |
_aParis : _bChaix, _c1925. |
||
| 300 |
_a254 p. ; _c19 cm. |
||
| 852 |
_aES-MaACL _jA-3204 |
||
| 999 |
_c33054 _d33054 |
||